| 000 | 00826nam a2200229Ii 4500 | ||
|---|---|---|---|
| 003 | JO-AjNU | ||
| 008 | 230605s9999||||xx |||||||||||||| ||und|| | ||
| 017 | _a2009/5363 | ||
| 020 | _a977-10-2479-5 | ||
| 040 |
_aJO-AjNU _bara _erda _cJO-AjNU |
||
| 041 | _aara | ||
| 050 | 1 | 4 | _aHB180.A7.A237.2009 |
| 100 | 3 |
_aعبدالقوي،اشرف بهجات ؛مراجعة مصطفى عبدالسميع محمد, _eauthor _928125 |
|
| 245 | 0 | 0 | _aتدريس الاقتصاد المنهج والطريقة |
| 250 | _aط1 | ||
| 264 | 3 | 1 | _aالقاهرة:دار الفكر العربي،2009 |
| 300 |
_a188ص _bيشمل على ببليوجرافيات |
||
| 336 |
_atext _btxt _2rdacontent |
||
| 337 |
_aunmediated _bn _2rdamedia |
||
| 338 |
_avolume _bnc _2rdacarrier |
||
| 650 | 4 |
_aالاقتصاد-طرق تدريس-مناهج _928126 |
|
| 999 |
_aA10869 _c14437 _d14437 |
||